000 01143nam a2200337 i 4500
003 EG-GICUC
005 20260504110818.0
008 260504s2006 ua ||||f |||| 00| 0bara d
017 _a97/11889
040 _a EG-GICUC
_bara
_c EG-GICUC
_d EG-GICUC
_erda
041 0 _aara
082 0 4 _221
_a345.3
_bأ ن . ن
092 0 4 _221
099 _aLaw1 07 345.3 أ ن . ن 2006 0703307 C1
100 0 _aأنس جعفر
_eمؤلف.
245 1 2 _aالنشاط الإداري /
_cدكتور أنس جعفر.
264 1 _aالقاهرة :
_bدار النهضة العربية،
_c2006.
300 _a419 صفحة ؛
_c24 سم.
336 _2rda content
_atext
337 _2rda media
_aComputer
338 _2rda carrier
_aOnline Resource
504 _aيشتمل على إرجاعات ببليوجافية.
504 _aببليوجرافية صفحة : 407-416.
546 _aالنص باللغة العربية
650 1 4 _aالنشاط الإداري
650 1 4 _aالقانون الإداري
651 1 _2qrmak
856 4 0 _uhttps://fll.law.cu.edu.eg/fulltext/bks/B07-03307.pdf
905 _a164
942 _2ddc
_cBK
_e21
_n0
999 _c75462
_d75462